000 00816nam a2200241 a 4500
001 000012044
003 DO-SdBNP
005 20240412074229.0
008 091104s19uu dr a r 001 0 spa d
040 _aDO-SdBNP
_bspa
_cBNPHU
082 4 _aRD861.44
_bC355q
_222
100 1 _aCastro, César David,
_d1975-
_928486
245 1 0 _aA quien le sirva el sombrero que se lo ponga /
_cCésar David Castro; prólogo Alberto Cordero.
260 _a[s.l.] :
_b[s.n.],
_c[s.f.].
300 _a61 p. :
_bil. ;
_c21 cm.
500 _aIncluye datos biográficos del autor en la contracubierta
590 _aInventariado, 2018/BT
650 0 _aPoesía dominicana
_966
650 0 _aLiteratura dominicana.
_967
700 1 2 _aCordero, Alberto
_epról.
_928487
910 _aValidado. Control de calidad. MFF
942 _2ddc
_cLBS1
999 _c11712
_d11712